Normal view
MARC view
Entry Personal Name
001 - CONTROL NUMBER
- control field: 1174304
003 - CONTROL NUMBER IDENTIFIER
- control field: OSt
005 - DATE AND TIME OF LATEST TRANSACTION
- control field: 20260324124457.0
008 - FIXED-LENGTH DATA ELEMENTS
- fixed length control field: 260324|| aca||aabn | a|a d
040 ## - CATALOGING SOURCE
- Original cataloging agency: OSt
- Transcribing agency: OSt
100 ## - HEADING--PERSONAL NAME
- Personal name: Klaus D. John; Dirk T. G. Rübbelke
670 ## - SOURCE DATA FOUND
- Source citation: Work cat.: (OSt)1768712: Klaus D. John; Dirk T. G. Rübbelke, Sustainable Energy
